01051nam a22002297a 450000500170000001000150001702000270003203500130005903700130007208200150008510000220010024502260012226000350034827000630038330000480044650000580049465000400055265000530059294200290064599900170067495201300069120150826112811.0 aENG-113377 a9789383098156c2995.00 aEN-96909 bDBAD/PUB a746.095443 aFischer, Eberhard aTemple tents for goddesses in Gujarat, India /cby Eberhard Fischer ; fieldwork with: Becharbhai Madhavji (1968), Barbara Fischer (1973-81), Haku Shah (1973-81), Jyotindra and Jutta Jain (1977) ; appendix with Haku Shah. aNew Delhi bNiyogi Booksc2014 aD-78, Okhla Industrial Area, Phase-I, bNew Delhi e110020 a299p. :c31cm(Hb)bill. (chiefly col.), map a Includes bibliographical references (pages 298-299). aTextile crafts zIndia zGujarat. aTents zIndia z Gujarat x Religious aspects. 2ddccENmFISh746.095443 c94699d94699 001040718NFICaDBADbDBADd2015-07-07eDBAD/PUBg2995.00l0o746.095443 FISpEN-96909r2015-07-07 00:00:00t1v2995.00yEN